Statistics for French football players by picture #2

Click here to take the quiz!

General Stats

  • This quiz has been taken 164 times
  • The average score is 12 of 15

Answer Stats

Answer% Correct
Olivier Giroud
99%
Thierry Henry
99%
Antoine Griezmann
98%
Benjamin Pavard
93%
Patrice Evra
89%
Blaise Matuidi
87%
Fabien Barthez
84%
Samir Nasri
81%
Patrick Vieira
79%
Marcel Desailly
77%
Jean-Pierre Papin
69%
David Ginola
66%
Robert Pires
66%
Raymond Kopa
51%
William Gallas
47%

Score Distribution

Percentile by Number Answered

Percent of People with Each Score

Your Score History

You have not taken this quiz